Frakčná analýza partikulárneho materiálu. (Fractional composition of particular materials) [CD-ROM] : Diplomová práca
Na minha lista:
| Autor principal: | |
|---|---|
| Outros Autores: | |
| Formato: | Manuscrito Livro |
| Idioma: | eslovaco |
| Publicado em: |
Bratislava :
STU v Bratislave SjF,
2007
|
| Assuntos: | |
| Tags: |
Sem tags, seja o primeiro a adicionar uma tag!
|
MARC
| LEADER | 00000ntm a22000003a 4500 | ||
|---|---|---|---|
| 001 | stu157359 | ||
| 005 | 20150617230010.0 | ||
| 008 | 080206s2007----xo------------------slo-d | ||
| 040 | |a STU |b slo | ||
| 041 | 0 | |a slo | |
| 044 | |a xo | ||
| 100 | 1 | |a Brath, Daniel, |d 1983- |4 aut |u J180 |9 100 |U SjF Ústav chemických a hydraulických strojov a zariadení |T SjF Katedra chemických strojov v zariadení |X 28260 |U J180 |Y 43 |7 A000028260 | |
| 245 | 1 | |a Frakčná analýza partikulárneho materiálu. (Fractional composition of particular materials) [CD-ROM] : |b Diplomová práca | |
| 260 | |a Bratislava : |b STU v Bratislave SjF, |c 2007 | ||
| 300 | |a 81 s | ||
| 650 | 7 | |a particular material |2 estusub | |
| 650 | 7 | |a sorting |2 estusub | |
| 650 | 7 | |a sieve analysis |2 estusub | |
| 650 | 7 | |a moisture |2 estusub | |
| 700 | 1 | |a Peciar, Marián, |d 1957- |4 xxx |u J180 |U SjF Ústav chemických a hydraulických strojov a zariadení |T SjF Katedra chemických strojov v zariadení |X 2359 |U J180 |Y 43 |7 A000002359 | |
| 700 | 1 | |a Gužela, Štefan, |d 1976- |4 csl |u J180 |U SjF Ústav chemických a hydraulických strojov a zariadení |T SjF Katedra chemických strojov v zariadení |X 4267 |U J180 |Y 43 |7 A000004267 | |
| 996 | |b 284J032152 |c J*108552 |l JJSK |s A |a 24 |w stu157359_0001 | ||